01509nam a22002417a 450000500170000000800410001702000180005804000070007604100080008308200220009110000260011324500190013926000350015830000260019336500600021952007040027965000250098370000280100870000260103694200120106299900190107495201740109320211013093428.0211013b ||||| |||| 00| 0 eng d a9781405930253 cAL aeng 223a839.738bBACA aFredrik Backman91286 aAnxious People aUKbPenguin Random Housec2021 a407 p.bPBc19x13 cm. aBLCR-000065b₹399.20c₹d₹499.00e20%f05-10-2021 aIt's New Year's Eve and House Tricks estate agents are hosting an open viewing in an up-market apartment when an incompetent bank robber rushes in and politely takes everyone hostage. For Anna-Lena and Roger, busy buying-up apartments to fill the hole in their marriage, it's something else to talk about. For Julia and Ro, panicky parents-to-be, it's yet another worry. Lonely bank manager Zara only came here for the view. While 87-year-old grandmother Estelle seems rather pleased by the company . . . As the police gather outside, the anxious strangers huddled within try to make the best of a very sticky situation - but could it be that they have a whole lot more in common than meets the eye? aAnxious People91287 aBACKMAN (Fredrik)91288 aSMITH (Neil) Tr91289 2ddccBK c216599d216599 00102ddc40708ENGaALbALd2021-10-08eNavakarnataka Publications Pvt.Ltdg399.20l5m1o839.738 BACAp075002r2023-08-22 00:00:00s2023-07-07v499.00w2021-10-13yBK